ANATOMY TEACHING DIARY FOR UNDERGRADUATE STUDENTS (Record no. 32159)

MARC details
000 -LEADER
fixed length control field 00308nam a22001337a 4500
003 - CONTROL NUMBER IDENTIFIER
control field SGT
020 ## - INTERNATIONAL STANDARD BOOK NUMBER
International Standard Book Number 9789392787508
082 ## - DEWEY DECIMAL CLASSIFICATION NUMBER
Classification number 611,ANE
100 ## - MAIN ENTRY--PERSONAL NAME
Personal name ANEJA PRACHI SAFFAR
245 ## - TITLE STATEMENT
Title ANATOMY TEACHING DIARY FOR UNDERGRADUATE STUDENTS
260 ## - PUBLICATION, DISTRIBUTION, ETC. (IMPRINT)
Place of publication, distribution, etc NEW DELHI
Name of publisher, distributor, etc SSB
Year of Publication 2022
300 ## - PAGE DESCRIPTION
No. of Pages 94
942 ## - ADDED ENTRY ELEMENTS (KOHA)
Source of classification or shelving scheme Dewey Decimal Classification
Koha item type Books
Holdings
Withdrawn status Lost status Source of classification or shelving scheme Damaged status Use restrictions Not for loan Collection code Home library Current library Shelving location Date acquired Vendor Name Cost, normal purchase price SGTU Full call number Accession No. (Barcode) Date last seen Bill Date Koha item type
    Dewey Decimal Classification   Restricted Access Not For Loan ENGINEERING SGT Engineering Library SGT Engineering Library Reference Book 29/07/2025 SGTU FACULTY PUBLICATIONS 595.00 SGTU 611,ANE FE9319 29/07/2025 29/07/2025 Gifted Books